| 000 | 00529nam a22001817a 4500 | ||
|---|---|---|---|
| 005 | 20251108171937.0 | ||
| 008 | 250721s1999 xx 000 0 ara d | ||
| 082 | 1 | 4 | _a658.159/ميد |
| 100 | 1 | _aالميداني، محمد أيمن | |
| 245 | 1 | 0 | _aالإدارة التمويلية في الشركات / |
| 250 | _aط3 | ||
| 264 | 1 |
_aالرياض : _bمكتبة العكبيان، _c1999. |
|
| 300 | _a864ص | ||
| 650 | 1 | 7 | _aالإدارة المالية |
| 650 | 1 | 7 | _aالشركات |
| 942 |
_2ddc _cBK |
||
| 999 |
_c66542 _d66542 |
||